01460nam a22002537a 4500003001000000005001700010007000300027008004100030015001200071020002200083040003400105044001300139080002300152100003600175245004800211250001100259260005800270300002100328490003400349520073200383650003201115655003001147655002901177AR-RoUNCS20260306131041.0ta160802s2015 ag gr 001 f spa  aAR-2015 a978-950-46-4483-5 aAR-BaBNbspacAR-RoUNCSeaacr aagcar-c1 a82-312.4(82)220161 aFerrari, Andrea,d1961-eautora14aLas marcas de la mentira /cAndrea Ferrari. a1a ed. aCiudad Autónoma de Buenos Aires :bLoqueleo,c2015. a218 p. ;c22 cm.0 aSerie Roja. Sol de Noche ;v23 aUn auto se desbarranca en una ruta turística y cae al vacío. Cuando logran recuperarlo encuentran en su interior el cadáver de un hombre que lleva en la espalda el tatuaje de una enorme águila. ¿Quién es realmente? ¿Qué esconde? Convertida ya en periodista, Sol Linares se sumerge esta vez en una historia donde nada es lo que parece, que rápidamente domina las pantallas y las tapas de los diarios. Quien le tiende una mano es nuevamente A.L.Timón, ese inquietante personaje que sabe mucho y se niega a revelar su identidad. Para Sol será también el momento de enfrentar la historia de una madre a quien casi no conoció y las extrañas circunstancias que rodearon su muerte. (Descripción del editor) 72embneaLiteratura argentina 7aNovelas policiacas2embne 7aNovelas juveniles2embne